[Event "GER-chT U12"]
[Site "Schney"]
[Date "2013.12.28"]
[Round "3.4"]
[White "Helm, Stephan"]
[Black "Hatko, Julian"]
[Result "1-0"]
[WhiteElo "1050"]
[BlackElo "961"]
[PlyCount "109"]
[EventDate "2013.12.27"]
[EventType "team-swiss"]
[EventRounds "7"]
[EventCountry "GER"]
[SourceTitle "EXT 2015"]
[Source "ChessBase"]
[SourceDate "2014.11.20"]
[SourceVersion "1"]
[SourceVersionDate "2014.11.20"]
[SourceQuality "1"]
[WhiteTeam "Stadtilm Blau Weiss"]
[BlackTeam "Stade"]
[WhiteTeamCountry "GER"]
[BlackTeamCountry "GER"]

1. e4 c5 2. Nc3 e6 3. d3 Nc6 4. Nf3 Be7 5. g3 Nf6 6. Bg2 d6 7. 0-0 Bd7 8. Be3 Qc7 9. d4 cxd4 10. Nxd4 0-0 11. Nxc6 Bxc6 12. Bf4 Rfd8 13. Re1 Kh8 14. Qe2 e5 15. Bg5 Rac8 16. Bxf6 Bxf6 17. Nb5 Qb6 18. c4 a6 19. Nc3 Qc5 20. b3 b5 21. Nd5 Bxd5 22. cxd5 Qa7 23. Rac1 Rxc1 24. Rxc1 Rf8 25. Qg4 Be7 26. h4 a5 27. h5 h6 28. Qe2 Qb7 29. f4 b4 30. fxe5 dxe5 31. Qd3 Bg5 32. Bh3 Bxc1 33. d6 Rd8 34. d7 Bg5 35. Qd6 Rb8 36. Qxe5 Qb6+ 37. Kg2 Rd8 38. Qe8+ Kh7 39. Bf5+ g6 40. hxg6+ fxg6 41. Qf7+ Kh8 42. Qe8+ Kg7 43. Be6 Qxe6 44. Qxe6 Kf8 45. Qd6+ Kf7 46. e5 Kg7 47. e6 Kg8 48. e7 Bxe7 49. Qxe7 Rxd7 50. Qxd7 Kh8 51. Kf3 Kg8 52. Ke4 Kf8 53. Ke5 Kg8 54. Kf6 g5 55. Qg7# 1-0

[Event "GER-chT North U12"]
[Site "Magdeburg"]
[Date "2013.09.15"]
[Round "7.4"]
[White "Bui, Bao Anh Le"]
[Black "Hatko, Julian"]
[Result "1-0"]
[WhiteElo "1104"]
[BlackElo "889"]
[PlyCount "101"]
[EventDate "2013.09.12"]
[EventType "team-swiss"]
[EventRounds "7"]
[EventCountry "GER"]
[SourceTitle "EXT 2014"]
[Source "ChessBase"]
[SourceDate "2013.11.20"]
[SourceVersion "1"]
[SourceVersionDate "2013.11.20"]
[SourceQuality "1"]
[WhiteTeam "Treptow"]
[BlackTeam "Stade"]
[WhiteTeamCountry "GER"]
[BlackTeamCountry "GER"]

1. e4 e5 2. Nf3 Nc6 3. Bc4 Bc5 4. d3 h6 5. Be3 Nd4 6. Nxe5 d5 7. Bxd5 Be6 8. Bxe6 Nxe6 9. 0-0 Bxe3 10. fxe3 Qg5 11. Nxf7 Qxe3+ 12. Kh1 Rh7 13. Qf3 Qxf3 14. Rxf3 Nd4 15. Rf2 g6 16. Ne5 g5 17. c3 Ne6 18. d4 0-0-0 19. g3 Rf8 20. Rxf8+ Nxf8 21. Nd2 Re7 22. Rf1 Nd7 23. Nxd7 Kxd7 24. Rf5 Re6 25. e5 Ne7 26. Rf2 Ra6 27. a3 h5 28. Ne4 Rg6 29. Nf6+ Kc6 30. Nxh5 Nd5 31. Nf6 Nxf6 32. exf6 Rg8 33. Kg2 Kd6 34. f7 Rf8 35. Kh3 Ke7 36. Kg4 Rxf7 37. Rxf7+ Kxf7 38. Kxg5 Kg7 39. g4 Kf7 40. Kh6 Kf8 41. g5 Kg8 42. Kg6 a6 43. b4 b6 44. h4 c6 45. h5 b5 46. h6 Kh8 47. Kf7 Kh7 48. g6+ Kh8 49. g7+ Kh7 50. g8Q+ Kxh6 51. Qg6# 1-0